00479 2200169 4500001002100000005001500021035002000036245009000056100002000146300003300166260002800199082001200227084001800239020001800257600001700275990001700292INLIS00000000000077820250224012718 a0010-02250000431 a25 Mutiara Kisah Nabi & Rasul Diceritakan Secara Populer dan Bernas /cM. Arief Hakim0 aHakim, M. Arief a214 hlm :bilus ;c15 X24 cm aBandung :bMarja,c2004 a297.246 a297.246 HAK d a979-9482-11-9 4aNabi & Rasul a3046/PP/2024